=LDR 00000nam 2200000 4500 =001 INLIS000000000024445 =005 20130612123030 =008 ***********************************ind** =035 ##$$a0010-061300000024445 =041 ##$$a ind =082 ##$$a 495.6 =090 ##$$a 495.6, Por p =100 ##$$a Pora, Muchlis =245 ##$$a Percakapan bahasa Jepang sehari-hari, Muchlis Pora =260 ##$$a 2003 $b Yogyakarta =300 ##$$a ix, 185 hlm, 20 cm =650 ##$$a Bahasa Jepang - Percakapan =850 ##$$a NBPNMAT =990 ##$$a 21400613/BPAP-NTB/20142014